| 000 | 01330 a2200277 4500 | ||
|---|---|---|---|
| 001 | 200130477 | ||
| 003 | TR-AnTOB | ||
| 005 | 20240808141556.0 | ||
| 008 | 240808b tu ||||| |||| 00| 0 tur d | ||
| 040 |
_aTR-AnTOB _cTR-AnTOB |
||
| 041 |
_atur _aeng |
||
| 050 | 0 | 0 |
_aNB198 _b.U48 2009 |
| 090 | _aNB198 .U48 2009 | ||
| 111 |
_992984 _aUluslararası İstanbul Taş Heykel Sempozyumu _n(6. : _d2008 : _cİstanbul) |
||
| 245 | 1 | 0 |
_a6. Uluslararası İstanbul Taş Heykel Sempozyumu = _b6th International Istanbul Stone Sculpture Symposium / _cdüznl. İstanbul Büyükşehir Belediye , Mimar Sinan Güzel Sanatlar Üniversitesi, Mimar Sinan Güzel Sanatlar Üniversitesi Güzel Sanatlar Fakültesi Heykel Bölümü. |
| 246 | 1 | _a6th International Istanbul Stone Sculpture Sypposium. | |
| 264 | 1 |
_aİstanbul : _bMimar Sinan Güzel Sanatlar Üniversitesi, _cc2009. |
|
| 300 |
_a45 s. : _bfotog ; _c22 cm. |
||
| 650 | 0 |
_aSculpture, Modern _v20th century _vCongresses _992986 |
|
| 650 | 0 | 0 |
_aHeykeltraşlık, Modern _v20. yüzyıl _vKongreler _992985 |
| 710 |
_aİstanbul Büyükşehir Belediyesi _983412 |
||
| 710 |
_aMimar Sinan Güzel Sanatlar Üniversitesi. _bGüzel Sanatlar Fakültesi. _bHeykel Bölümü _992983 |
||
| 710 |
_aMimar Sinan Güzel Sanatlar Üniversitesi. _992983 |
||
| 942 |
_cBK _2lcc |
||
| 999 |
_c200130477 _d30658 |
||